Quizzes
Events
Quiz Creation
Community
Videos
Private Events
Remove Ads
Sign In
Join for FREE
Feedback
Dark Mode
Quiz Categories
Sports
Geography
Music
Movies
Television
Just For Fun
Miscellaneous
History
Literature
Language
Science
Gaming
Entertainment
Religion
Holiday
For Kids
Quiz Lab
Recent
Popular Today
Quiz Kudos Today
Editor Picks
Curator Picks
Quizzes by...
Day
Popularity
Type
Ratings
Length
Year
Community
Subscriptions
Recent Discussions
Orange Saloon
Badges
Playlists
Quests
Create
Leaderboards
Showdown
Live 5
Trivia Bingo
Activity
Puzzle Library
Sporcle Events
Private Events
Virtual Trivia
Globe League
Become a Host
Pub Owners
SporcleCon
Opinionation
Our Games
Videos
Blog
Mobile Apps
Partnerships
Remove Ads and Go Orange
Feedback
Language
Vocabulary
Begins and Ends
Definition
Spanish
French
German
Italian
Chinese
Latin
Translation
Japanese
Language
Vocabulary
Begins and Ends
Definition
Spanish
French
German
Italian
Chinese
Latin
Translation
Japanese
Random Quiz
Search Sporcle
×
Quiz Lab
Quiz Lab
Language
Country
Type in answers that appear in a list
Type in answers that appear in a list
Classic
Best Score? Go Orange.
Turkish to English Countries Stats
Can you name the countries that have been translated into Turkish?
By
Mattyo7
5m
20 Questions
651 Plays
651 Plays
651 Plays
Comments
Comments
Give Quiz Kudos
Give Quiz Kudos
-
- Ratings
hide this ad
Forced Order
Answers have to be entered in order
Answers have to be entered in order
Replay
Link that replays current quiz
Next Quiz
Link to next quiz in quiz playlist
You Got
0%
They Got
Avg Score
85%
Avg Friend Score
Upgrade to see
Score Distribution
Jump to the score distribution portion of the page
Score
0/20
Timer
05:00
0
Plays Today
Turkish
English
% Correct
Finlandiya
Finland
99.5%
Rusya
Russia
95.7%
Kanada
Canada
95.1%
Brezilya
Brazil
94.9%
Amerika Birleşik Devletleri
United States of America
94.2%
Danimarka
Denmark
93.9%
Portekiz
Portugal
93.5%
Fransa
France
93.4%
Tanzanya
Tanzania
91.4%
Birleşik Arap Emirlikleri
United Arab Emirates
90.6%
Turkish
English
% Correct
Moğolistan
Mongolia
90.3%
Çin
China
90.2%
Hindistan
India
89.6%
Almanya
Germany
82.8%
Umman
Oman
81.3%
Kırgızistan
Kyrgyzstan
77.7%
Çek Cumhuriyeti
Czech Republic
75.3%
Kuzey Kore
North Korea
71.1%
Filistin
Palestine
62.2%
Gürcistan
Georgia
47.6%
Quiz Playlist
Details
Report
Send in Message
Add To Playlist
Classic:
Type in answers that appear in a list
Forced Order:
Answers have to be entered in order
Quiz Source
Last Updated: Feb 16, 2017
Quiz Scoreboard
CHALLENGE
Sign Up to Join the Scoreboard
Show All
Scores
Hide
Comments
May contain spoilers
Recently Published
Click the 1999 NBA Draft
by nibperrychub
Sports
2m
Alphabetical 'K' Countries by Flag Minefield
by ylime102
Geography
3m
Pick 6: Fruits
by JohnFran
Miscellaneous
15s
More to Explore
Quiz From the Vault
Featured Blog Post
15 Basketball Trivia Facts You Can Be March Mad About
hide this ad
You Might Also Like...
Tags
Asia Quiz
Country Quiz
Europe Quiz
Eastern Europe
England
English
English Words
Official Languages
Spoken Languages
turkish
Turkish Words
Türkiye
Today's Top Quizzes in Language
Browse Language
hide this ad
Today's Top Quizzes in Country
Browse Country
Top Contributed Quizzes in Language
1
Spanish Seasons
2
Spring or Fall
3
Multilingual Seasons
4
Russian Alphabet (Picture Click)
5
Trivia Jigsaw: Language
6
Guess the Word in 3 Words
7
JLPT N5 Kanji
8
Vocabulary Blitz 71
9
IPA Vowel Identification
10
Einsilbige Reime auf Chips
Explore More
Trending Topics
Marvel
Anime
Crossword
Kpop
Disney
Harry Potter
NBA
NFL
WWE
Pokémon
Puzzle
The Office
Country
Soccer
Song
hide this ad
More By:
Mattyo7
Quiz
Plays
Rating
Category
Featured
Created
1-5 Blitz
150,680
3.94
Just For Fun
Feb 18, 2015
Multiples of 3 Blitz
98,172
3.98
Science
Mar 7, 2015
17 Ways Not to Say 'Bing'
73,460
4.33
Language
Feb 12, 2015
World Cup Winners (Redux)
62,333
4.68
Sports
Feb 18, 2015
Multiples of 4 Blitz
58,929
4.12
Science
Mar 26, 2015
Go to Creator's Profile
Score Distribution
Quiz Creator Spotlight
Mattyo7
Follow
Send a Message
Quizzes Created
-
Created Quiz Play Count
-
More By This Creator
Popular Quizzes Today
1
Find the US States - No Outlines Minefield
2
Countries of Asia Without Outlines Minefield
3
Pick 6: Fruits
4
The Countries of the World
5
Alphabetical 'K' Countries by Flag Minefield
6
Click the 1999 NBA Draft
7
Find the US States
8
Match the Book to the Film X
More Language Quizzes
Top Languages per US State
Published
Trending Quizzes
Pick 6: Harry Potter
Pick 6: Mountains
Pick 6: NFL Teams
Pick 6: Movie Franchises
Pick 6: Golfers
Recently Updated
Women's Final Four Teams by Year
bhenderson79
Presidents Quartet II
eogle
Anything But Clue(do)
eogle
Anything But Oceanian Capitals
eogle
Anything But 7
eogle
Anything But Thing
eogle
Word Ladder: February 29
pecheneg
Song Title Questions
pecheneg
Women's NCAA Tournament #1 Seeds
pecheneg
Celebrity Mug Shots
pecheneg
Trending Topics
Marvel
Kpop
Harry Potter
Crossword
NBA
Anime
Disney
Country
The Office
NFL
Soccer
Puzzle
WWE
Pokémon
Song
Your Account Isn't Verified!
In order to create a playlist on Sporcle, you need to verify the email address you used during registration. Go to your
Sporcle Settings
to finish the process.
Report this User
Report this user for behavior that violates our
Community Guidelines
.
Details:
Send Report
Go to the Sporcle.com Mobile Site →
Comments